MARC details
| 000 -LEADER |
| fixed length control field |
01982cam a22004217a 4500 |
| 005 - DATE AND TIME OF LATEST TRANSACTION |
| control field |
20231123160004.0 |
| 020 ## - INTERNATIONAL STANDARD BOOK NUMBER |
| International Standard Book Number |
9780439793827 |
| 040 ## - CATALOGING SOURCE |
| Original cataloging agency |
DVA |
| Language of cataloging |
eng |
| Transcribing agency |
DVA |
| Modifying agency |
BAKER |
| -- |
LEO |
| -- |
BTCTA |
| -- |
JAO |
| -- |
UPZ |
| -- |
OCLCQ |
| -- |
OCL |
| -- |
EHH |
| -- |
CQU |
| -- |
OCLCQ |
| -- |
DAD |
| -- |
CGB |
| -- |
OCLCO |
| -- |
OCLCF |
| -- |
OCLCO |
| -- |
DLC |
| 050 00 - LIBRARY OF CONGRESS CALL NUMBER |
| Classification number |
PZ7.M59433 |
| Item number |
Ras 2007 |
| 082 04 - DEWEY DECIMAL CLASSIFICATION NUMBER |
| Classification number |
813.00 |
| Edition number |
22 |
| 100 1# - MAIN ENTRY--PERSONAL NAME |
| Personal name |
Miles, Ellen |
| 245 10 - TITLE STATEMENT |
| Title |
Rascal / |
| Statement of responsibility, etc. |
Ellen Miles. |
| 250 ## - EDITION STATEMENT |
| Edition statement |
First printing, April 2006 |
| 260 ## - PUBLICATION, DISTRIBUTION, ETC. |
| Place of publication, distribution, etc. |
New York : |
| Name of publisher, distributor, etc. |
Scholastic, |
| Date of publication, distribution, etc. |
2006 |
| 300 ## - PHYSICAL DESCRIPTION |
| Extent |
74 pages : |
| Dimensions |
20 cm |
| Other physical details |
illustrations ; |
| 490 1# - SERIES STATEMENT |
| Series statement |
The puppy place |
| 500 ## - GENERAL NOTE |
| General note |
"Where every puppy finds a home"--Cover. |
| 505 ## - FORMATTED CONTENTS NOTE |
| Formatted contents note |
O <br/> |
| 520 ## - SUMMARY, ETC. |
| Summary, etc. |
Lizzie and Charles Peterson love dogs, especially puppies. So it is perfect that the Petersons are a foster family for young dogs. They will adopt a pet of their own one day, but now they are happy to help puppies find just the right home. The Petersons' newest foster puppy is Rascal. He is a Jack Russell terrier, and his name fits him well. He may be small, but he can cause big trouble. Lizzie and Charles are in for a challenge. Will they be able to find someone who will care for this pesky little puppy? |
| 521 0# - TARGET AUDIENCE NOTE |
| Target audience note |
600 <br/><br/> |
| Source |
Lexile <br/> |
| 521 2# - TARGET AUDIENCE NOTE |
| Target audience note |
X <br/> |
| Source |
Raz-Plus <br/> |
| 650 #0 - SUBJECT ADDED ENTRY--TOPICAL TERM |
| Topical term or geographic name entry element |
Puppies |
| Form subdivision |
Juvenile fiction. |
| 650 #0 - SUBJECT ADDED ENTRY--TOPICAL TERM |
| Topical term or geographic name entry element |
Jack Russell terrier |
| Form subdivision |
Juvenile fiction. |
| 650 #0 - SUBJECT ADDED ENTRY--TOPICAL TERM |
| Topical term or geographic name entry element |
Dogs |
| Form subdivision |
Juvenile fiction. |
| 650 #0 - SUBJECT ADDED ENTRY--TOPICAL TERM |
| Topical term or geographic name entry element |
Dog rescue |
| Form subdivision |
Juvenile fiction. |
| 650 #0 - SUBJECT ADDED ENTRY--TOPICAL TERM |
| Topical term or geographic name entry element |
Foster care of animals |
| Form subdivision |
Juvenile fiction. |
| 650 #1 - SUBJECT ADDED ENTRY--TOPICAL TERM |
| Topical term or geographic name entry element |
Dogs |
| Form subdivision |
Fiction. |
| 650 #7 - SUBJECT ADDED ENTRY--TOPICAL TERM |
| Topical term or geographic name entry element |
Dog rescue. |
| Source of heading or term |
fast |
| Authority record control number or standard number |
(OCoLC)fst00896204 |
| 650 #7 - SUBJECT ADDED ENTRY--TOPICAL TERM |
| Topical term or geographic name entry element |
Dogs. |
| Source of heading or term |
fast |
| Authority record control number or standard number |
(OCoLC)fst00896265 |
| 650 #7 - SUBJECT ADDED ENTRY--TOPICAL TERM |
| Topical term or geographic name entry element |
Foster care of animals. |
| Source of heading or term |
fast |
| Authority record control number or standard number |
(OCoLC)fst00933177 |
| 650 #7 - SUBJECT ADDED ENTRY--TOPICAL TERM |
| Topical term or geographic name entry element |
Jack Russell terrier. |
| Source of heading or term |
fast |
| Authority record control number or standard number |
(OCoLC)fst00980978 |
| 650 #7 - SUBJECT ADDED ENTRY--TOPICAL TERM |
| Topical term or geographic name entry element |
Puppies. |
| Source of heading or term |
fast |
| Authority record control number or standard number |
(OCoLC)fst01084244 |
| 655 #7 - INDEX TERM--GENRE/FORM |
| Genre/form data or focus term |
Fiction. |
| Source of term |
fast |
| Authority record control number or standard number |
(OCoLC)fst01423787 |
| 655 #7 - INDEX TERM--GENRE/FORM |
| Genre/form data or focus term |
Juvenile works. |
| Source of term |
fast |
| Authority record control number or standard number |
(OCoLC)fst01411637 |
| 906 ## - LOCAL DATA ELEMENT F, LDF (RLIN) |
| a |
7 |
| b |
cbc |
| c |
copycat |
| d |
2 |
| e |
ncip |
| f |
20 |
| g |
y-gencatlg |
| 942 ## - ADDED ENTRY ELEMENTS (KOHA) |
| Source of classification or shelving scheme |
Dewey Decimal Classification |
| Koha item type |
Books |
| Suppress in OPAC |
No |
| 999 ## - |
| -- |
1185 |
| -- |
1185 |